| 000 | 00473cam a22001457a 4500 | ||
|---|---|---|---|
| 008 | 180718b1962 xxu||||| |||| 00| 0 eng d | ||
| 082 | _aT000x54 L587 | ||
| 100 | _aLewis, John P. | ||
| 245 |
_aQuiet crisis in India: economic developmnet and American policy _cby John P. Lewis |
||
| 260 |
_aWashington, D.C. _bBrookings _c1962 |
||
| 300 | _a350p. | ||
| 650 | _aEconomic Assistance in India | ||
| 650 | _aEconomic Assistance - American | ||
| 650 | _aEconomic Planning - India | ||
| 999 |
_c372284 _d372284 |
||